000 00295nam a22001337a 4500
008 181217b xxu||||| |||| 00| 0 eng d
020 _a2800892726488
041 _aeng
080 _a701
100 _a44
101 _aART
245 _aThe Art of Monbegan Island
_cLittle,C
942 _2udc
_cBK
999 _c53238
_d53238